000 00523 a2200169 4500
001 068527
003 OSt
005 20220218164924.0
008
082 _a519.4
_bK84T
100 1 _aKozen, Dexter C.
245 1 _aTheory of computation
_cby Dexter C. Kozen
260 _aNew York
_bSpringer
_c2007
300 _a418p.
653 _aComputer science--Mathematics; Recursion theory; Computational complexity; Computer science; Computer software; Information theory
942 _2ddc
_cBK
999 _c2183
_d2183